Administración de personal y legislación social /
Guardado en:
| Autor Principal: | |
|---|---|
| Otros Autores: | |
| Formato: | Libro |
| Publicado: |
Buenos Aires :
Plus Ultra,
1994
|
| Materias: | |
| Etiquetas: |
Agregar Etiqueta
Sin Etiquetas, Sea el primero en etiquetar este registro!
|
| LEADER | 01008nam a22002055a 4500 | ||
|---|---|---|---|
| 001 | CEM.cems008931 | ||
| 008 | 130507s1994##################000#0#####d | ||
| 005 | 20241220114147.0 | ||
| 245 | 1 | 0 | |a Administración de personal y legislación social / |c Jorge Raúl Delfino, Gloria Carmen Grau |
| 260 | |a Buenos Aires : |b Plus Ultra, |c 1994 | ||
| 300 | |a 167 p. | ||
| 500 | |a Para escuelas de comercio | ||
| 505 | 0 | |a Concepto y ubicación dentro de la administración general -- Elementos de la administración de personal -- Planeamiento -- Selección y ubicación del personal -- Relación empleador-empleado -- La legislación laboral -- Remuneraciones -- Asignaciones familiares -- Previsión social -- Comprobantes y registros -- Vacaciones y licencias -- Indemnizaciones | |
| 020 | |a 9502111605 | ||
| 100 | 1 | |a Delfino, Jorge Raúl | |
| 700 | 1 | |a Grau, Gloria Carmen | |
| 082 | 0 | 4 | |a 658.3 |
| 653 | |a Administración de empresas | ||
| 653 | |a Administración | ||
| 859 | |a CEMS |b BIB. CEMS - 11 de abril |h 658.3 |i D378 |p 23632.06 |t Ej.2 | ||
